000 00678nam a2200217 i 4500
001 83915
003 ES-MaACL
005 20240205165149.0
007 t|
008 041118s1970 sp ||||1| spa d
100 1 _aJaffé, Hans L. C.
_965913
245 1 0 _aPablo Picasso /
_cHans L. Jaffé ; [traducción, Jaume Barnat].
260 _a[Barcelona :
_bNauta,
_c1970]
300 _a95 p., 45 lám. col. :
_bil. ;
_c32 cm.
490 1 _aGrandes maestros del siglo XX
600 1 4 _aPicasso, Pablo,
_d1881-1973
_991794
700 1 _aBarnat, Jaume.
_925707
830 1 _aGrandes maestros del siglo XX
_9181649
852 _aES-MaACL
_jC-41251
999 _c83915
_d83915